| 000 | 00691nam a22001577a 4500 | ||
|---|---|---|---|
| 003 | OSt | ||
| 005 | 20150915145329.0 | ||
| 008 | 150915b xxu||||| |||| 00| 0 eng d | ||
| 040 | _cRUA | ||
| 082 | _aAGR YON 2002 B028 Or.1 | ||
| 100 |
_9524 _aYON, SAOSOPHEAP. |
||
| 245 | _aMung bean breeder seed production methodology- KK2 variety- at kbal koh vegetable research station វិធីសាស្ដ្រផលិតពូជជំរើសវិទូនៃដំណាំសណ្ដែកបាយKK2នៅស្ថានីយ៍ពិសោធន៍ពូជបន្លែក្បាលកោះ | ||
| 260 |
_aPhnom Penh _bRUA _c2002 |
||
| 300 |
_a76p. _bill. _c29cm. |
||
| 942 |
_2ddc _cAGR |
||
| 999 |
_c503 _d503 |
||